000 01079 a2200217 4500
003 Nust
005 20230831085311.0
010 _a 83010507
020 _c0442208731
040 _cNust
082 _a621.38153,ALL
100 1 _aAllen, P. E.
_997159
245 1 0 _aSwitched capacitor circuits /
_cPhillip E. Allen, Edgar Sanchez-Sinencio.
260 _aNew York :
_bVan Nostrand Reinhold,
_cc1984.
300 _axv, 759 p. :
_bill. ;
_c24 cm.
440 0 _aVan Nostrand Reinhold electrical/computer science and engineering series
_997160
505 _aAnalog Sampled Data Concept (Page-1), Implementation of Basic Signal Processing Operations (Page-39), Introduction to Switched Capacitor Filters (Page-131), Switched Capacitor LC Ladder Simulation (Page-224), Switched Capacitor Z-domain Filters (Page-348), Application of Switched Capacitor Circuits (Page-425), MOS Analog Digital Converters (Page-504), MOS Technology and Analog Circuits Design (Page-559).
650 0 _aTelecommunication Engineering.
700 2 _aSā”®chez-Sinencio, Edgar.
_997161
942 _cREF
_2ddc
999 _c175760
_d175760